Historias fantásticas de ayer y de hoy / (Registro nro. 9275)

Detalles MARC
000 -LIDER
fixed length control field 00802nam a22002777a 4500
001 - NÚMERO DE CONTROL
Identificador de número de control 0180
003 - IDENTIFICACDOR DE NÚMERO DE CONTROL
control field DO-SdBNP
005 - DATE AND TIME OF LATEST TRANSACTION
control field 20180306095810.0
007 - CAMPOS FIJOS DE DESCRIPCIÓN FÍSICA
fixed length control field 0180
008 - ELEMENTOS DE LONGITUD FIJA
fixed length control field 151005b 200 1979 sp 00| 0 spa d
020 ## - ISBN
International Standard Book Number 8485529197
040 ## - FUENTE DE CATALOGACIÓN
Agencia que crea de manera original el registro BPMSU
Idioma de catalogación spa
Agencia que realiza la transcripción BPMSU
092 ## - LOCALLY ASSIGNED DEWEY DECIMAL CALL NUMBER
Número de clasificación XXXX
Número de ítem (Cutter) XXXX
100 1# - ASIENTO PRINCIPAL -- NOMBRE PERSONAL
Nombre personal Matilla, Luis
245 10 - MENCIÓN DE TITULO
Título Historias fantásticas de ayer y de hoy /
Mención de responsabilidad Luis Matilla, Alonso Erausquin ; ilustraciones Enrique Santana
260 ## - PUBLICACIÓN, DISTRIBUCIÓN, ETC. (PIE DE IMPRENTA)
Lugar de publicación, distribución, etc Madrid :
Nombre del editor, distribuidor, etc. Esco,
Fecha de publicación, distribución, etc 1979.
300 ## - DESCRIPCIÓN FÍSICA
Extensión [38] p :
Otros detalles físicos il.
Dimensiones 30 cm.
490 1# - MENCIÓN DE SERIES
Mención de serie Historias fantásticas
586 ## - AWARDS NOTE
Awards note Premio nacional del Ministerio de Cultura
700 12 - ASIENTO SECUNDARIO -- NOMBRE PERSONAL
Nombre personal Erausquin, Alonso
700 12 - ASIENTO SECUNDARIO -- NOMBRE PERSONAL
Nombre personal Santana, Enrique
Mención de responsabilidad il.
830 #0 - ASIENTO SECUNDARIO DE SERIE--TÍTULO UNIFORME
Título uniforme Historias fantasticas
942 ## - ADDED ENTRY ELEMENTS (KOHA)
Source of classification or shelving scheme Dewey Decimal Classification
Koha item type Libros
945 ## - INFORMACIÓN DE PROCESAMIENTO LOCAL
Información de procesamiento local Inventariado, 2018/MFF
956 ## - LOCAL ELECTRONIC LOCATION AND ACCESS (OCLC)
Nombre de host Yngrid Lockward
Existencias
Withdrawn status Lost status Source of classification or shelving scheme Damaged status Not for loan Collection code Home library Current library Date acquired Source of acquisition Total Checkouts Barcode Date last seen Price effective from Koha item type
    Dewey Decimal Classification       Biblioteca Pública Metropolitana Salomé Ureña Biblioteca Pública Metropolitana Salomé Ureña 03/16/2016 Donación   BPMET16030151 03/16/2016 03/16/2016 Libros